header

Protecting the Great Lakes from invasive and nonindigenous species (Record no. 57466)

MARC details
000 -LEADER
fixed length control field 01470nam a2200349 a 4500
082 04 - DEWEY DECIMAL CLASSIFICATION NUMBER
Classification number 628.9/60977
245 00 - TITLE STATEMENT
Title Protecting the Great Lakes from invasive and nonindigenous species
260 ## - PUBLICATION, DISTRIBUTION, ETC. (IMPRINT)
Place of publication New York :
Name of publisher Nova Science Publishers, Inc.,
Year of publication c2010.
300 ## - PHYSICAL DESCRIPTION
Number of Pages ix, 136 p. :
Other physical details ill., maps.
490 1# - SERIES STATEMENT
Series statement Environmental science, engineering and technology
650 #0 - SUBJECT ADDED ENTRY--TOPICAL TERM
Topical Term Nonindigenous aquatic pests
Topical Term Ballast water
700 1# - ADDED ENTRY--PERSONAL NAME
Personal name Wouters, Clara E.
856 40 - ELECTRONIC LOCATION AND ACCESS
Uniform Resource Identifier http://site.ebrary.com/lib/rucke/Doc?id=10675181

No items available.

© 2026 Rongo University
Contact us: librarian | system librarian | Rongo university